000 00201 a2200097 4500
001 20050
100 _aRussell, B
245 _aProblem of china
260 _a
_bAllen & Unwin
_c
090 _c14644
_d14644
942 _aNUST-CAE
_cM
_c5163
999 _c255123
_d255123